Amarás con todo tu corazón : celibato /

Tallennettuna:
Bibliografiset tiedot
Päätekijä: Cabra, Pier Giordano (autor)
Aineistotyyppi: Kirja
Kieli:espanja
Julkaistu: Santander, España : Sal Terrae, 1982, c1982
Sarja:(ST Breve ; 4)
Tagit: Lisää tagi
Ei tageja, Lisää ensimmäinen tagi!

MARC

LEADER 00000nam^a2200000^a^4500
001 000613375
005 20250521000000.0
009 20260310133621.094
020 |a 84-293-0626-9 
025 |a Donación Juan Lafarga Corona, 1 ejemplar 
037 |a Acervo Xavier Clavigero 
041 |a ESP 
091 |a FLC. 00263 
100 |a Cabra, Pier Giordano  |e (autor) 
245 1 0 |a Amarás con todo tu corazón :  |b celibato / 
264 4 |a Santander, España :  |b Sal Terrae,  |c 1982, c1982 
300 |a 96 p. 
336 |a texto  |b txt  |2 rdacontenido 
337 |a sin mediación  |b n  |2 rdamedio 
338 |a volumen  |b nc  |2 rdasoporte 
440 1 |a (ST Breve ;  |v 4) 
500 |a Traducción de: Con tutto il cuore: meditazione sul celibato e la verginità 
649 |a XX 
910 |a Fondo Juan Lafarga Corona S.J. 
920 |a Impresos - Libros 
930 |a Fondos Especiales 
905 |a 145 
901 |a 613375-10  |b IT2  |c ESL  |i D  |u 20250521 
902 |a https://opac.biblio.iteso.mx/vufind/Record/000613375